Ongoing crisis communication : (Record no. 4777)
[ view plain ]
| 000 -LEADER | |
|---|---|
| fixed length control field | nam a22 7a 4500 |
| 005 - DATE AND TIME OF LATEST TRANSACTION | |
| control field | 20181018091146.0 |
| 008 - FIXED-LENGTH DATA ELEMENTS--GENERAL INFORMATION | |
| fixed length control field | 181018b2018 u ||||| |||| 00| 0 eng d |
| 020 ## - INTERNATIONAL STANDARD BOOK NUMBER | |
| International Standard Book Number | 9781452261362 |
| Terms of availability | RM 404.10 |
| 040 ## - CATALOGING SOURCE | |
| Original cataloging agency | AKMAL |
| 082 ## - DEWEY DECIMAL CLASSIFICATION NUMBER | |
| Classification number | 658.4056 COO |
| 090 ## - LOCALLY ASSIGNED LC-TYPE CALL NUMBER (OCLC); LOCAL CALL NUMBER (RLIN) | |
| Classification number (OCLC) (R) ; Classification number, CALL (RLIN) (NR) | 658.4056 |
| Local cutter number (OCLC) ; Book number/undivided call number, CALL (RLIN) | COO |
| 100 1# - MAIN ENTRY--PERSONAL NAME | |
| Personal name | Coombs, W. Timothy. |
| 9 (RLIN) | 9119 |
| 245 10 - TITLE STATEMENT | |
| Title | Ongoing crisis communication : |
| Remainder of title | planning, managing, and responding / |
| Statement of responsibility, etc. | W. Timothy Coombs, University of Central Florida. |
| 250 ## - EDITION STATEMENT | |
| Edition statement | Fourth edition. |
| 264 #1 - PRODUCTION, PUBLICATION, DISTRIBUTION, MANUFACTURE, AND COPYRIGHT NOTICE | |
| Place of production, publication, distribution, manufacture | Thousand Oaks : |
| Name of producer, publisher, distributor, manufacturer | SAGE Publications, Inc, |
| Date of production, publication, distribution, manufacture, or copyright notice | 2014. |
| 300 ## - PHYSICAL DESCRIPTION | |
| Extent | 194pg |
| Dimensions | 23cm |
| 505 0# - FORMATTED CONTENTS NOTE | |
| Formatted contents note | Management<br />4. The Crisis Prevention Process<br />5. Crisis Preparation: Part I<br />6. Crisis Preparation: Part II<br />7. Crisis Recognition<br />8. Crisis Response<br />9. Post-Crisis Concerns<br />Epilogue<br />Appendix: Possible Case Studies<br /> |
| 650 #0 - SUBJECT ADDED ENTRY--TOPICAL TERM | |
| Topical term or geographic name entry element | Crisis management. |
| 9 (RLIN) | 6904 |
| 650 #0 - SUBJECT ADDED ENTRY--TOPICAL TERM | |
| Topical term or geographic name entry element | Communication in management. |
| 9 (RLIN) | 2708 |
| 942 ## - ADDED ENTRY ELEMENTS (KOHA) | |
| Source of classification or shelving scheme | |
| Koha item type | Book |
| Withdrawn status | Lost status | Source of classification or shelving scheme | Damaged status | Not for loan | Collection code | Home library | Current library | Shelving location | Date acquired | Inventory number | Total Checkouts | Full call number | Barcode | Date last seen | Date last checked out | Price effective from | Koha item type |
|---|---|---|---|---|---|---|---|---|---|---|---|---|---|---|---|---|---|
| NON-FICTION | AKMAL Melaka | AKMAL Melaka | PINJAMAN | 18.10.2018 | 602771 | 1 | 658.4056 COO | 201707757 | 16.08.2019 | 02.08.2019 | 18.10.2018 | Book |
